00498nam a2200181 a 450000100060000000300090000600800410001502000150005604000280007108200130009924500540011226000410016630000110020765000290021865000160024765000280026365000250029118062CO-ViMGA141112s2004 ck r 000 u spa d a847827233X aCO-ViMGAbspacCO-ViMGA04a370 P76510aEl proyecto educativo de la institución escolar aBarcelona (España), cGrao, c2000 a173.p.14aADMINISTRACION EDUCATIVA14aeducación14aMETODOLOGIA Y PEDAGOGIA14aPLANEACION EDUCATIVA